[Event "ch-CRO"]
[Site "Zagreb CRO"]
[Date "2002.11.30"]
[Round "8"]
[White "Urukalovic,R"]
[Black "Bozinovic,Bog"]
[Result "1-0"]
[WhiteElo "2187"]
[BlackElo "2262"]

1.e4 c5 2.Nf3 d6 3.d4 Nf6 4.Nc3 cxd4 5.Nxd4 a6 6.f3 e5 7.Nb3 Be6 8.Be3 Be7
9.Qd2 O-O 10.O-O-O a5 11.a4 Nc6 12.g4 Nb4 13.g5 Nd7 14.h4 Rc8 15.Kb1 Nb6
16.Qf2 Nxa4 17.Nxa4 Rxc2 18.Qxc2 Nxc2 19.Kxc2 b5 20.Nc3 Qc7 21.Bxb5 Rb8 22.Ba4 Rb4
23.Ra1 Qb7 24.Ra3 d5 25.exd5 Bxd5 26.Nxd5 Qxd5 27.Nd2 Rxb2+ 28.Kxb2 Bxa3+
29.Kxa3 Qd3+ 30.Bb3 Qxe3 31.Rc1 h6 32.g6  1-0

[Event "ch-POL sf"]
[Site "Lubniewice POL"]
[Date "2002.12.02"]
[Round "3"]
[White "Gomulka,J"]
[Black "Sypnicki,D"]
[Result "0-1"]
[WhiteElo "2105"]
[BlackElo "2166"]

1.e4 c5 2.Nf3 d6 3.d4 cxd4 4.Nxd4 Nf6 5.Nc3 a6 6.f3 e5 7.Nb3 Be7 8.Be3 Be6
9.Qd2 O-O 10.O-O-O Nbd7 11.g4 Qc7 12.h4 b5 13.h5 b4 14.Nd5 Bxd5 15.exd5 a5
16.Kb1 a4 17.Nc1 Ra5 18.Qxb4 Nxd5 19.Rxd5 Rxd5 20.c4 Ra5 21.g5 f5 22.h6 f4
23.hxg7 Rf7 24.Bd2 Ra7 25.Bd3 Rxg7 26.g6 hxg6 27.Be4 Nf6 28.Qb5 Nxe4 29.Qd5+ Rf7
30.Qxe4 Rf5 31.Rg1 Kf7 32.Qd5+ Kg7 33.Qe6 Rg5 34.Rxg5 Bxg5 35.Bb4 Qf7 36.Qxd6 Qf5+
37.Ka1 Rd7  0-1

[Event "ch-POL sf"]
[Site "Lubniewice POL"]
[Date "2002.12.02"]
[Round "3"]
[White "Zeberski,J"]
[Black "Krzesaj,R"]
[Result "1/2-1/2"]
[WhiteElo "2326"]
[BlackElo "2134"]

1.e4 c5 2.Nf3 d6 3.d4 Nf6 4.Nc3 cxd4 5.Nxd4 a6 6.f3 e5 7.Nb3 Be6 8.Be3 Be7
9.Qd2 Nbd7 10.g4 h6 11.O-O-O b5 12.Nd5 Bxd5 13.exd5 Nb6 14.Bxb6 Qxb6 15.Kb1 Rc8
16.h4 Nd7 17.Na5 Nb8 18.Bd3 Qc5 19.Be4 Rc7 20.Rc1 O-O 21.g5 f5 22.gxf6 Rxf6
23.c4 b4 24.Nc6 Nxc6 25.dxc6 Rf4 26.Qg2 Rf6 27.Bd5+ Kh8 28.Rhg1 Bf8 29.Qc2 Qe3
30.Rce1 Qd4 31.Rg4 Rf4 32.Rxf4 Qxf4 33.h5 Qh4 34.Qd2 a5 35.f4 Qxh5 36.fxe5 dxe5
37.Qf2 Bd6 38.c5 Be7 39.Be4 Qh4 40.Qe3 Bxc5  1/2-1/2

[Event "ch-GRE w"]
[Site "Athens GRE"]
[Date "2002.12.03"]
[Round "6"]
[White "Stiri,A"]
[Black "Sperdokli,E"]
[Result "1-0"]
[WhiteElo "2170"]
[BlackElo "2106"]

1.e4 c5 2.Nf3 d6 3.d4 cxd4 4.Nxd4 Nf6 5.Nc3 a6 6.f3 Qb6 7.Nb3 e6 8.Qe2 Nc6
9.g4 Qc7 10.Be3 b5 11.O-O-O Ne5 12.g5 Nfd7 13.f4 Nc4 14.Bd4 Bb7 15.Bh3 O-O-O
16.Nd2 Nxd2 17.Rxd2 Kb8 18.Qe3 Bc6 19.Ne2 Qb7 20.Ng3 h5 21.gxh6 Rxh6 22.Bg2 Rc8
23.Qf2 Nf6 24.e5 Ng4 25.Bxc6 Qxc6 26.Qe2 dxe5 27.fxe5 Rh4 28.Kb1 g6 29.Rdd1 Bc5
30.c3 Nh6 31.Qd2 Nf5 32.Bxc5 Qxc5 33.Nxf5 gxf5 34.Qd6+ Qxd6 35.exd6 Rd8 36.b3 Kb7
37.Rd2 Rd7 38.a4 bxa4 39.bxa4 Kc6 40.Rhd1 Rxa4 41.Kb2 Rb7+ 42.Kc2 Kd7 43.Rd4 Ra2+
44.Kd3 Rxh2 45.Ra1 Rb6 46.Ke3 Rc6 47.Kd3 Rh3+ 48.Kd2 Rhxc3 49.Rb1 Rc2+ 50.Kd1 R2c4
51.Rb7+ Kc8 52.d7+ Kxb7 53.d8=Q Rxd4+ 54.Qxd4 a5 55.Qd7+ Rc7 56.Qb5+ Kc8
57.Qxa5 Kd7 58.Qb4 Kc6 59.Ke2 Rd7 60.Ke3 e5 61.Qa4+ Kd6 62.Qa6+ Ke7 63.Qb5 f6
64.Qc5+ Kf7 65.Qc8 Ke7 66.Qg8 Kd6 67.Qf8+ Ke6 68.Qe8+ Re7 69.Qc8+ Rd7 70.Kf3 Ke7
71.Kg3 Rd3+ 72.Kh4 Rd4+ 73.Kh5 Rg4 74.Qc7+ Ke6 75.Kh6 Rh4+ 76.Kg7 Rg4+ 77.Kf8 Kd5
78.Kf7 e4 79.Kxf6 Rg1 80.Qb7+ Kc4 81.Qa6+ Kc3 82.Kxf5 e3 83.Ke4 Rg3 84.Qe2 Kb3
85.Kf4 Rh3 86.Kg4 Rh7 87.Qd3+  1-0

[Event "ch-POL sf"]
[Site "Lubniewice POL"]
[Date "2002.12.03"]
[Round "4"]
[White "Butkiewicz,L"]
[Black "Stypka,M"]
[Result "1-0"]
[WhiteElo "2039"]
[BlackElo "2258"]

1.e4 c5 2.Nf3 d6 3.d4 cxd4 4.Nxd4 Nf6 5.Nc3 a6 6.f3 e6 7.Be3 b5 8.g4 h6 9.Qd2 Nbd7
10.O-O-O Bb7 11.h4 b4 12.Na4 Qa5 13.b3 Nc5 14.a3 Nxa4 15.axb4 Qc7 16.bxa4 Nd7
17.Bh3 Nb6 18.g5 e5 19.Nf5 Nc4 20.Qd3 g6 21.Nxh6 d5 22.Ng4 Bxb4 23.Nf6+ Kf8
24.exd5 Rxh4 25.Bg4 Rxh1 26.Rxh1 Ke7 27.Qb3 a5 28.Rh7 Nd6 29.Be6 Ba6 30.Bxf7  1-0

[Event "Baharov Mem"]
[Site "Borovec BUL"]
[Date "2002.12.04"]
[Round "5"]
[White "Iotov,V"]
[Black "Ljangov,P"]
[Result "1-0"]
[WhiteElo "2256"]
[BlackElo "2197"]

1.e4 c5 2.Nf3 d6 3.d4 Nf6 4.Nc3 cxd4 5.Nxd4 a6 6.f3 e6 7.Be3 Be7 8.Qd2 O-O
9.O-O-O Nc6 10.g4 Nxd4 11.Bxd4 Nd7 12.h4 b5 13.g5 b4 14.Ne2 a5 15.Kb1 Bb7
16.Rg1 Qc7 17.Ng3 Rfc8 18.Bd3 Ne5 19.Qe2 a4 20.f4 Nxd3 21.cxd3 b3 22.Rc1 bxa2+
23.Kxa2 Qa5 24.Nh5 g6 25.Nf6+ Bxf6 26.Bxf6 Qb4 27.Rxc8+ Rxc8 28.Qd1 d5 29.Rg3 dxe4
30.dxe4 Bxe4 31.Rc3 Rb8 32.Qd2 Bd5+ 33.Ka1 Qb5 34.Qc1 Qa6 35.Rc7 Bb7 36.Rxf7 Rc8
37.Rc7 Rxc7 38.Qxc7 Qf1+ 39.Ka2 Bd5+ 40.Ka3 Qa1+ 41.Kb4 Qe1+ 42.Kb5 Qe2+
43.Ka5 Qe1+ 44.Bc3  1-0

[Event "ch-POL sf"]
[Site "Lubniewice POL"]
[Date "2002.12.04"]
[Round "5"]
[White "Zeberski,J"]
[Black "Bobras,P"]
[Result "0-1"]
[WhiteElo "2326"]
[BlackElo "2441"]

1.e4 c5 2.Nf3 d6 3.d4 cxd4 4.Nxd4 Nf6 5.Nc3 a6 6.f3 e5 7.Nb3 Be6 8.Be3 Nbd7
9.g4 b5 10.g5 b4 11.Ne2 Nh5 12.Qd2 a5 13.Ng3 Nxg3 14.hxg3 a4 15.Nc1 Qa5 16.Bh3 Bxh3
17.Rxh3 Nb6 18.Bxb6 Qxb6 19.Ne2 Rc8 20.Kf1 Be7 21.Rc1 a3 22.b3 O-O 23.Kg2 d5
24.Rch1 h6 25.gxh6 g6 26.exd5 Rfd8 27.Rc1 Qa5 28.h7+ Kh8 29.c4 bxc3 30.Rxc3 Rc5
31.Rh1 Rcxd5 32.Qe3 Rd2 33.Rhc1 Kxh7 34.R1c2 Rxc2 35.Rxc2 Rd1 36.Nc3 Rd4
37.Ne4 Kg7 38.Nd2 Qd5 39.Nc4 e4 40.fxe4 Rxe4 41.Qf3 Qe6 42.Rf2 Bc5 43.Nd2 Re5
44.Qc3 f6 45.Nf3 Rh5 46.Nd4 Qd5+ 47.Nf3 Bxf2 48.Kxf2 Qc5+ 49.Qd4 Qxd4+ 50.Nxd4 Rh2+  0-1

[Event "ch-POL sf"]
[Site "Lubniewice POL"]
[Date "2002.12.06"]
[Round "7"]
[White "Butkiewicz,L"]
[Black "Sypnicki,D"]
[Result "1/2-1/2"]
[WhiteElo "2039"]
[BlackElo "2166"]

1.e4 c5 2.Nf3 d6 3.d4 cxd4 4.Nxd4 Nf6 5.Nc3 a6 6.f3 e5 7.Nb3 Be7 8.Be3 Be6
9.Qd2 O-O 10.O-O-O Nbd7 11.g4 Qc7 12.h4 b5 13.h5 b4 14.Nd5 Bxd5 15.exd5 a5
16.g5 a4 17.Na1 a3 18.gxf6 axb2+ 19.Kxb2 Qa5 20.Bc4 Bxf6 21.Kb1 Rfc8 22.Bb3 Nc5
23.Bxc5 Rxc5 24.Rhe1 Rc3 25.Re4 Qa3 26.Rg1 h6 27.Qxh6 Rxb3+ 28.Nxb3 Qxa2+
29.Kc1 Rc8 30.Re2 Qxb3 31.Qxf6 Rxc2+ 32.Rxc2 Qe3+ 33.Kb2 Qa3+ 34.Kb1 Qb3+
35.Rb2 Qd3+ 36.Kc1 Qe3+ 37.Kc2 Qc3+ 38.Kb1  1/2-1/2

[Event "ch-POL sf"]
[Site "Lubniewice POL"]
[Date "2002.12.07"]
[Round "8"]
[White "Gomulka,J"]
[Black "Liwak,P"]
[Result "0-1"]
[WhiteElo "2105"]
[BlackElo "2296"]

1.e4 c5 2.Nf3 d6 3.d4 cxd4 4.Nxd4 Nf6 5.Nc3 a6 6.f3 e5 7.Nb3 Be6 8.Be3 Nbd7
9.g4 b5 10.g5 b4 11.Ne2 Nh5 12.Qd2 a5 13.Ng3 Nxg3 14.hxg3 a4 15.Nc1 Qa5 16.f4 g6
17.Nd3 d5 18.Nxe5 Nxe5 19.fxe5 dxe4 20.Rd1 Be7 21.Bd4 Rd8 22.c3 a3 23.Kf2 e3+
24.Qxe3 axb2 25.cxb4 Qxb4 26.Bg2 Rxd4 27.Rxd4 b1=Q 28.Bc6+ Kf8 29.Rxb1 Qxb1
30.Rd2 Kg7 31.Qf4 Qb6+  0-1

[Event "TCh-ESP"]
[Site "Mondariz ESP"]
[Date "2002.12.07"]
[Round "8"]
[White "Arizmendi Martinez,J"]
[Black "Pablo Marin,A"]
[Result "0-1"]
[WhiteElo "2510"]
[BlackElo "2434"]

1.e4 c5 2.Nf3 d6 3.d4 cxd4 4.Nxd4 Nf6 5.Nc3 a6 6.f3 e5 7.Nb3 Be6 8.Be3 Be7
9.Qd2 O-O 10.O-O-O Qc7 11.g4 Rc8 12.Qf2 Nbd7 13.Kb1 b5 14.g5 Nh5 15.h4 b4
16.Nd5 Bxd5 17.Rxd5 a5 18.Bh3 a4 19.Nc1 Rcb8 20.Bg4 g6 21.Nd3 Nb6 22.Bxb6 Rxb6
23.Bxh5 gxh5 24.f4 Bf8 25.fxe5 b3 26.cxb3 axb3 27.a3 Rc6 28.Nb4 Rc4 29.Rd3 Rxb4
30.axb4 Qc4 31.Rhd1 dxe5 32.Qg2 Ra1+ 33.Kxa1 Qa6+ 34.Kb1 Qa2+ 35.Kc1 Qa1+
36.Kd2 Qxb2+  0-1

[Event "TCh-BEL 2002-3"]
[Site "Belgium BEL"]
[Date "2002.12.08"]
[Round "4"]
[White "Jens,J"]
[Black "Roeder,M"]
[Result "1/2-1/2"]
[WhiteElo "2360"]
[BlackElo "2476"]

1.e4 c5 2.Nf3 d6 3.d4 cxd4 4.Nxd4 Nf6 5.Nc3 a6 6.f3 e5 7.Nb3 Be6 8.Be3 Be7
9.Qd2 O-O 10.O-O-O Qc7 11.g4 Rc8 12.Kb1 Nbd7 13.g5 Nh5 14.Nd5 Bxd5 15.exd5 Nb6
16.Na5 Nf4 17.Bxf4 exf4 18.h4 Nxd5 19.Bh3 Ne3 20.Bxc8 Rxc8 21.Rc1 d5 22.Nb3 Bd6
23.Rh2 Be5 24.c3 a5 25.Qd3 Qb6 26.Re2 g6 27.Nd4 a4 28.Rxe3 fxe3 29.Qxe3 a3
30.b3 Bxd4 31.cxd4 Rxc1+ 32.Kxc1 Qc7+ 33.Kd1 Kf8 34.f4 Qd7 35.Kd2 Qd6 36.Kc3 Qc7+
37.Kb4 Qd6+ 38.Kc3 Qc7+ 39.Kd3 Qd7 40.Qe5 Qh3+ 41.Kc2 Qh2+ 42.Kc3 Qxa2 43.Qb8+ Kg7
44.Qe5+ Kf8 45.Qb8+  1/2-1/2

[Event "FSIMB Dec"]
[Site "Budapest HUN"]
[Date "2002.12.10"]
[Round "4"]
[White "Ramaswamy,A"]
[Black "Varadi,V"]
[Result "1-0"]
[WhiteElo "2271"]
[BlackElo "2338"]

1.e4 c5 2.Nf3 d6 3.d4 cxd4 4.Nxd4 Nf6 5.Nc3 a6 6.Be3 Ng4 7.Bc1 Nf6 8.f3 e6
9.Be3 b5 10.g4 Nfd7 11.Qd2 Nb6 12.Qf2 N8d7 13.a4 e5 14.Nc6 Qc7 15.axb5 axb5
16.Rxa8 Nxa8 17.Bxb5 Bb7 18.Nd5 Qc8 19.Ncb4 Be7 20.Nxe7 Kxe7 21.O-O Nf6 22.Ra1 Nxg4
23.fxg4 Qxg4+ 24.Qg2 Qxg2+ 25.Kxg2 Bxe4+ 26.Kf2 f5 27.Bg5+ Kf7 28.Bc4+ Kg6
29.Be7 Rc8 30.Rg1+ Kh6 31.Bf7 g6 32.c3 Kg7 33.Bb3 Nb6 34.Rd1 d5 35.Nxd5 Nc4
36.Bxc4 Rxc4 37.Bf6+ Kf7 38.Bxe5 Rc5 39.c4 Rxc4 40.Nc3 Ke6 41.Bf4 Bb7 42.Re1+ Kf6
43.Be5+ Kg5 44.Ne2 Kh6 45.Rd1 Rc2 46.Rd2 Rxd2 47.Bf4+ g5 48.Bxd2 Kh5 49.b4 f4
50.b5 Kg4 51.Nd4 h5 52.b6 Kh3 53.Ne6 Kxh2 54.Nxg5 h4 55.Bxf4+ Kh1 56.Ne6 h3
57.Nc5 Bc6 58.Ne6 Bb7 59.Nd4 Ba6 60.Ne2 Bb7 61.Ng3+ Kh2 62.Nf1+ Kh1 63.Bh2 Bf3
64.Kg3  1-0

[Event "ch-Balkan"]
[Site "Istanbul TUR"]
[Date "2002.12.14"]
[Round "6"]
[White "Parligras,M"]
[Black "Nikolaidis,I"]
[Result "1/2-1/2"]
[WhiteElo "2490"]
[BlackElo "2495"]

1.e4 c5 2.Nf3 d6 3.d4 Nf6 4.Nc3 cxd4 5.Nxd4 a6 6.f3 e5 7.Nb3 Be6 8.Be3 Be7
9.Qd2 O-O 10.O-O-O Nbd7 11.g4 Qc7 12.Kb1 Rfc8 13.h4 a5 14.a3 Nb6 15.g5 Nh5
16.Qf2 Nc4 17.Bxc4 Qxc4 18.Nd5 Bxd5 19.Rxd5 b5 20.Nc1 Qc6 21.Rhd1 b4 22.R1d3 Rcb8
23.Qd2 g6 24.Rb3 Qa4 25.Qd3 Ng7 26.Qc4 Ne6 27.c3 Rc8  1/2-1/2

[Event "Bundesliga 2002-3"]
[Site "Luebeck GER"]
[Date "2002.12.15"]
[Round "6"]
[White "Socko,B"]
[Black "Ftacnik,L"]
[Result "0-1"]
[WhiteElo "2569"]
[BlackElo "2603"]

1.e4 c5 2.Nf3 d6 3.d4 cxd4 4.Nxd4 Nf6 5.Nc3 a6 6.f3 e5 7.Nb3 Be6 8.Be3 Be7
9.Qd2 O-O 10.O-O-O Nbd7 11.g4 Qc7 12.Kb1 Rfc8 13.g5 Nh5 14.Nd5 Bxd5 15.exd5 g6
16.Bh3 Bf8 17.Na5 Bg7 18.Rc1 Re8 19.Bg4 Nf4 20.Rhe1 f5 21.gxf6 Nxf6 22.Bxf4 Nxg4
23.fxg4 exf4 24.Nb3 Qf7 25.Rf1 Re4 26.Rf2 Rae8 27.Rcf1 g5 28.c3 Re3 29.Nc1 Qd7
30.h4 h6 31.hxg5 hxg5 32.Qc2 R8e4 33.Rg1 Qf7 34.Rd1 f3 35.Rg1 Be5 36.Qd1 Qh7
37.Ka1 Qh4 38.Rff1 f2 39.Rh1 Qxh1 40.Rxh1 Re1 41.Nd3 Rxd1+ 42.Rxd1 Bg3 43.Kb1 Rxg4
44.Kc2 Bh4  0-1

[Event "20th Cairnhill Open"]
[Site "Singapore SIN"]
[Date "2002.12.15"]
[Round "6"]
[White "Shetty,R"]
[Black "Lim Chuing Hoong"]
[Result "1-0"]
[WhiteElo "2377"]
[BlackElo "2276"]

1.e4 c5 2.Nf3 d6 3.d4 cxd4 4.Nxd4 Nf6 5.Nc3 a6 6.f3 e5 7.Nb3 Be7 8.Be3 O-O
9.Qd2 Be6 10.O-O-O a5 11.a4 Nc6 12.g4 Nb4 13.g5 Nd7 14.h4 Rc8 15.Kb1 Nb6
16.Bb5 d5 17.Bxb6 Qxb6 18.exd5 Rfd8 19.Qe2 Nxd5 20.Nxd5 Bxd5 21.c4 Bc6 22.Rxd8+ Qxd8
23.Rd1 Qc7 24.c5 Re8 25.Bxc6 bxc6 26.Qa6 Rb8 27.Nxa5 Bxc5 28.Nxc6 Rc8 29.Qxc8+ Qxc8
30.Rd8+ Qxd8 31.Nxd8 Kf8 32.Nc6  1-0

[Event "Bundesliga 2002-3"]
[Site "Stuttgart GER"]
[Date "2002.12.15"]
[Round "6"]
[White "Schmaltz,R"]
[Black "Stangl,M"]
[Result "0-1"]
[WhiteElo "2529"]
[BlackElo "2494"]

1.e4 c5 2.Nf3 d6 3.d4 cxd4 4.Nxd4 Nf6 5.Nc3 a6 6.f3 b5 7.Be3 Bb7 8.Qd2 Nbd7
9.O-O-O Rc8 10.g4 h6 11.Kb1 b4 12.Nce2 e5 13.Nf5 d5 14.exd5 Nxd5 15.Bg2 Nxe3
16.Qxe3 Qb6 17.Qd2 Rd8 18.Neg3 g6 19.Ne3 Bc5 20.Nc4 Qc7 21.Ne4 Bxe4 22.fxe4 Kf8
23.Qe2 Kg7 24.Rd5 Bd4 25.h4 Nc5 26.Rc1 Na4 27.Qd3 Nc5 28.Qe2 Ne6 29.Rxd8 Rxd8
30.Bf1 a5 31.Rd1 a4 32.Qe1 Rb8 33.h5 Qc5 34.hxg6 fxg6 35.Qg3 a3 36.g5 Nxg5
37.Qg4 Rf8 38.Qd7+ Rf7 39.Qd8 Nxe4 40.Bd3 axb2 41.Bxe4 Qxc4 42.Qd6 Rf6 43.Qe7+ Qf7
44.Qxb4 Rf1 45.Re1 h5 46.Bd3 Rxe1+ 47.Qxe1 Qf4 48.c3 Qc1+  0-1

[Event "XV Carlos Torre"]
[Site "Merida MEX"]
[Date "2002.12.19"]
[Round "7"]
[White "Navarro,R"]
[Black "Baltazar,R"]
[Result "1-0"]
[WhiteElo "2289"]
[BlackElo "2278"]

1.e4 c5 2.Nf3 d6 3.d4 cxd4 4.Nxd4 Nf6 5.Nc3 a6 6.f3 e6 7.Be3 Be7 8.Qd2 b5
9.g4 Bd7 10.g5 Nh5 11.Nce2 Qc7 12.O-O-O Nc6 13.Ng3 Nxg3 14.hxg3 Rc8 15.f4 d5
16.exd5 Nb4 17.dxe6 Bxe6 18.Nxe6 fxe6 19.Kb1 Qc6 20.Rh2 Qf3 21.Be2 Qe4 22.Bd3 Nxd3
23.Qxd3 Qxd3 24.Rxd3 O-O 25.Rd7 Rfe8 26.Rhd2 Bf8 27.Bd4 Re7 28.Be5 Rc6 29.Rd8 Kf7
30.Ra8 Re8 31.Rd7+ Be7 32.Raa7 Kf8 33.Bxg7+ Kxg7 34.Rxe7+ Rxe7 35.Rxe7+ Kg6
36.c3 a5 37.Kc2 Rd6 38.b3 h5 39.gxh6 Kxh6 40.Rb7 Rd5 41.Rb6 Kh5 42.Rxe6 Kg4
43.Re5  1-0

[Event "AIG Life rapid pl 9-12"]
[Site "Warsaw POL"]
[Date "2002.12.22"]
[Round "2"]
[White "Miroshnichenko,E"]
[Black "Fedorchuk,S"]
[Result "1-0"]
[WhiteElo "2548"]
[BlackElo "2564"]

1.Nf3 c5 2.e4 d6 3.d4 cxd4 4.Nxd4 Nf6 5.Nc3 a6 6.f3 e6 7.Be3 b5 8.g4 Bb7
9.Qd2 Nfd7 10.O-O-O Nb6 11.Qf2 N8d7 12.Bd3 Rc8 13.Nce2 d5 14.Kb1 Nc4 15.exd5 Bxd5
16.Nf4 Ndb6 17.Bxc4 Nxc4 18.Rhe1 Nxe3 19.Qxe3 Bc5 20.Qe5 O-O 21.Ndxe6 fxe6
22.Nxe6  1-0

[Event "TCh-BEL 2002-3"]
[Site "Belgium BEL"]
[Date "2002.12.23"]
[Round "5"]
[White "Leenhouts,K"]
[Black "Van Beers,E"]
[Result "1-0"]
[WhiteElo "2246"]
[BlackElo "2331"]

1.e4 c5 2.Nf3 d6 3.d4 cxd4 4.Nxd4 Nf6 5.Nc3 a6 6.f3 e5 7.Nb3 Be6 8.Be3 Be7
9.Qd2 O-O 10.O-O-O b5 11.g4 b4 12.Na4 Nbd7 13.g5 Nh5 14.h4 Ng3 15.Rg1 Nxf1
16.Rdxf1 Bc4 17.Rf2 a5 18.h5 Bb5 19.g6 Bxa4 20.Bh6 Bf6 21.Rfg2 hxg6 22.hxg6 Bc6
23.Qxd6 gxh6 24.gxf7+ Kxf7 25.Qxc6 Bg5+ 26.f4 exf4 27.Nd4 Qe7 28.Qd5+ Kg6
29.Nc6 f3+ 30.Rxg5+ Qxg5+ 31.Rxg5+ hxg5 32.Ne7+ Kh6 33.Qxd7 f2 34.Qe6+  1-0

[Event "Open"]
[Site "Pamplona ESP"]
[Date "2002.12.24"]
[Round "5"]
[White "Korneev,O"]
[Black "Sig Varas,M"]
[Result "1-0"]
[WhiteElo "2551"]
[BlackElo "2183"]

1.e4 c5 2.Nf3 d6 3.d4 cxd4 4.Nxd4 Nf6 5.Nc3 a6 6.f3 e6 7.Be3 b5 8.g4 h6 9.Qd2 Nbd7
10.O-O-O Bb7 11.h4 b4 12.Na4 Qa5 13.b3 Rc8 14.a3 Nc5 15.axb4 Nxb3+ 16.Nxb3 Qxa4
17.Kb2 d5 18.c3 Qc6 19.Ra1 Ra8 20.e5 Nd7 21.Bd4 Qc7 22.f4 Be7 23.Qe3 Bd8
24.f5 Nb6 25.fxe6 fxe6 26.Nc5 Bc8 27.Bd3 Nc4+ 28.Bxc4 dxc4 29.Qe4 Rb8 30.Rhf1 Rf8
31.Qg6+ Rf7 32.Ne4 Kf8 33.Nd6  1-0

[Event "Open A"]
[Site "Bethune FRA"]
[Date "2002.12.27"]
[Round "2"]
[White "Maitesian,S"]
[Black "Bruned,B"]
[Result "1-0"]
[WhiteElo "2305"]
[BlackElo "2039"]

1.e4 c5 2.Nf3 d6 3.d4 cxd4 4.Nxd4 Nf6 5.Nc3 a6 6.Be3 Ng4 7.Bc1 Nf6 8.f3 Qb6
9.Nb3 e6 10.Qe2 Nc6 11.Be3 Qc7 12.O-O-O b5 13.g4 Bb7 14.h4 Rc8 15.g5 Nd7
16.Kb1 Nce5 17.h5 Nc4 18.Bc1 Ndb6 19.Qf2 b4 20.Ne2 a5 21.Bh3 Na4 22.Nbd4 Nc5
23.g6 hxg6 24.hxg6 Rxh3 25.Rxh3 e5 26.Nf5 Nxe4 27.gxf7+ Qxf7 28.fxe4 Bxe4
29.Rf1 Na3+ 30.bxa3 Qb7 31.Nxd6+ Bxd6 32.Rh8+ Kd7 33.Qf7+ Be7 34.Rd1+ Kc6
35.Qc4+ Kb6 36.Be3+ Bc5 37.Rd6+ Rc6 38.Qxc5+ Ka6 39.Qc4+  1-0

[Event "North American Open"]
[Site "Las Vegas USA"]
[Date "2002.12.27"]
[Round "2"]
[White "Shamilov,E"]
[Black "Anderson,R"]
[Result "0-1"]
[WhiteElo "2185"]
[BlackElo "2231"]

1.e4 c5 2.Nf3 d6 3.d4 cxd4 4.Nxd4 Nf6 5.Nc3 a6 6.f3 e5 7.Nb3 Be6 8.Be3 Nbd7
9.Qd2 Be7 10.g4 O-O 11.O-O-O Qc7 12.h4 b5 13.Kb1 Nb6 14.Bxb6 Qxb6 15.Nd5 Bxd5
16.exd5 a5 17.h5 Nd7 18.g5 a4 19.Nc1 b4 20.Bh3 Nc5 21.g6 h6 22.gxf7+ Rxf7
23.Rhg1 Bg5 24.Rxg5 hxg5 25.Qxg5 Qd8 26.Qg3 Qf6 27.Qg6 Qxg6 28.hxg6 Rxf3
29.Be6+ Kf8 30.Bf7 Ke7 31.Nd3 Nxd3 32.cxd3 Rc8 33.Be6 Rc7 34.Bf7 Rf2 35.Be6 Rcc2  0-1

[Event "26th Christmas Open Masters"]
[Site "Zurich SUI"]
[Date "2002.12.28"]
[Round "4"]
[White "Makoli,P"]
[Black "Cvitan,O"]
[Result "0-1"]
[WhiteElo "2247"]
[BlackElo "2562"]

1.e4 c5 2.Nf3 d6 3.d4 cxd4 4.Nxd4 Nf6 5.Nc3 a6 6.f3 e6 7.Be3 Nc6 8.Qd2 Be7
9.O-O-O O-O 10.g4 Nd7 11.f4 Nxd4 12.Bxd4 b5 13.Rg1 Bb7 14.Bd3 Nc5 15.a3 Nxd3+
16.Qxd3 Rb8 17.g5 a5 18.h4 b4 19.Nb1 f5 20.gxf6 Bxf6 21.Qh3 Qe7 22.Bxf6 Rxf6
23.axb4 axb4 24.Qe3 Rc8 25.Rd4 Qc7 26.Qb3 Qc5 27.Rgd1 Rxf4 28.Rxb4 Bxe4 29.Nc3 Bf5
30.Rb8 Rf2 31.Rxc8+ Qxc8 32.Rxd6 Rxc2+ 33.Kd1 Qa8 34.Ne4 Qxe4 35.Qb8+ Kf7
36.Rd7+ Kg6  0-1

[Event "Open A"]
[Site "Bethune FRA"]
[Date "2002.12.29"]
[Round "5"]
[White "Manet,E"]
[Black "Vanderstricht,G"]
[Result "0-1"]
[WhiteElo "2091"]
[BlackElo "2403"]

1.e4 c5 2.Nf3 d6 3.d4 cxd4 4.Nxd4 Nf6 5.Nc3 a6 6.f3 Qb6 7.Nb3 e6 8.Qd3 Qc7
9.Bf4 Nc6 10.O-O-O Ne5 11.Qd2 Be7 12.Be2 O-O 13.g4 b5 14.g5 Nfd7 15.h4 b4
16.Nb1 a5 17.Nd4 Ba6 18.Bxe5 Nxe5 19.Bxa6 Rxa6 20.Qe2 Qc4 21.Qxc4 Nxc4 22.Nd2 Ne3
23.Rde1 Ng2 24.Reg1 Nf4 25.Rh2 Rc8 26.Kd1 g6 27.Ne2 Nxe2 28.Rxe2 a4 29.Rgg2 Rac6
30.Nf1 Bf8 31.Kc1 Bg7 32.Re3 h6 33.Rd3 hxg5 34.hxg5 Be5 35.Kb1 Kg7 36.a3 Rb6
37.axb4 Rxb4 38.b3 Ra8 39.c3 Rxb3+ 40.Rb2 Rxc3 41.Rxc3 Bxc3 42.Rb6 Be5 43.Nd2 Bf4
44.Nc4 d5  0-1

[Event "32nd Rilton Cup"]
[Site "Stockholm SWE"]
[Date "2002.12.29"]
[Round "3"]
[White "Brendel,O"]
[Black "Landgren,A"]
[Result "1-0"]
[WhiteElo "2378"]
[BlackElo "2164"]

1.e4 c5 2.Nf3 d6 3.d4 cxd4 4.Nxd4 Nf6 5.Nc3 a6 6.f3 e6 7.Be3 b5 8.g4 b4 9.Nb1 e5
10.Nf5 Be6 11.c4 bxc3 12.Nxc3 g6 13.Rc1 gxf5 14.exf5 d5 15.fxe6 fxe6 16.g5 Nh5
17.Bh3 Ng7 18.Nxd5 Qxd5 19.Rc8+ Kf7 20.O-O Rg8 21.f4 Qxd1 22.Rxd1 Be7 23.Rxg8 Kxg8
24.Bg2 exf4 25.Bxf4 Nc6 26.Bxc6 Rc8 27.Rc1 Rf8 28.Rc4 Rf5 29.h4 Kf7 30.Kg2 a5
31.Bd2 Re5 32.Bc3 Re2+ 33.Kf3 Rh2 34.Be5 Rd2 35.Bc3 Rh2 36.Be5 Rd2 37.Ke3 Rd1
38.Ke2 Rg1 39.Kf2 Rd1 40.Ke2 Rg1 41.Bf3  1-0

[Event "TCh-ESP"]
[Site "Mondariz ESP"]
[Date "2002.12.30"]
[Round "1"]
[White "Vallejo Pons,F"]
[Black "Rodriguez Guerrero,E"]
[Result "1-0"]
[WhiteElo "2635"]
[BlackElo "2319"]

1.Nf3 c5 2.e4 d6 3.d4 cxd4 4.Nxd4 Nf6 5.Nc3 a6 6.f3 e5 7.Nb3 Be6 8.Be3 Be7
9.Qd2 O-O 10.O-O-O Qc7 11.g4 Rc8 12.g5 Nh5 13.Nd5 Bxd5 14.exd5 a5 15.a3 a4
16.Na1 Na6 17.Rg1 Qd7 18.Rg4 g6 19.h4 Nc5 20.Rb4 Bf8 21.Qh2 Qf5 22.Qh3 Ng7
23.c3 Rc7 24.Nc2 Ra5 25.Kb1 Qxh3 26.Bxh3 Nf5 27.Bf2 Kg7 28.f4 f6 29.Bxf5 gxf5
30.Bxc5 dxc5 31.Rb6 exf4 32.Rxf6 Rf7 33.Re6 Ra8 34.Rf1 Rd8 35.Rxf4 Rxd5 36.Ne3 Rd6
37.Re8 Kg6 38.Nc4  1-0

[Event "32nd Rilton Cup"]
[Site "Stockholm SWE"]
[Date "2002.12.31"]
[Round "5"]
[White "Winge,S"]
[Black "Isaksson,P"]
[Result "1-0"]
[WhiteElo "2262"]
[BlackElo "2106"]

1.e4 c5 2.Nf3 d6 3.d4 cxd4 4.Nxd4 Nf6 5.Nc3 a6 6.f3 e6 7.Be3 Be7 8.Qd2 Nc6
9.g4 O-O 10.O-O-O Nxd4 11.Qxd4 Nd7 12.Bc4 b5 13.Bb3 Bb7 14.h4 Rc8 15.g5 Ne5
16.f4 Nc4 17.Rhe1 Qc7 18.Kb1 Rfd8 19.Bc1 Qc5 20.Qd3 a5 21.a4 b4 22.Ne2 d5
23.e5 Ba6 24.Qh3 g6 25.h5 Bf8 26.Nd4 Bg7 27.hxg6 hxg6 28.Nxe6 fxe6 29.Qxe6+ Kf8
30.Qxa6  1-0

[Event "9th Open"]
[Site "Bosnjaci CRO"]
[Date "2003.01.05"]
[Round "4"]
[White "Zivkovic,Vj"]
[Black "Teofilovic,V"]
[Result "1-0"]
[WhiteElo "2379"]
[BlackElo "2242"]

1.e4 c5 2.Nf3 d6 3.d4 cxd4 4.Nxd4 Nf6 5.Nc3 a6 6.f3 e5 7.Nb3 Be6 8.Be3 Be7
9.Qd2 Nbd7 10.g4 h6 11.O-O-O b5 12.Kb1 Nb6 13.Qf2 Rb8 14.h4 Qc7 15.Rg1 Nc4
16.g5 Nxe3 17.Qxe3 Nh5 18.Bd3 b4 19.Nd5 Bxd5 20.exd5 a5 21.gxh6 g6 22.Rxg6 fxg6
23.Bxg6+ Kd8 24.Bxh5 a4 25.Nc1 Qc5 26.Qd2 Bxh4 27.Bg4 Qf2 28.Qd3 Rxh6 29.Qf5 Kc7
30.Qd7+ Kb6 31.Qc6+ Ka5 32.Bd7 Qc5 33.Qxa4+ Kb6 34.Nb3 Qc4 35.Qa5+ Kb7 36.Bc6+ Kc8
37.Qa7  1-0

[Event "Keres Memorial Rapid"]
[Site "Tallinn EST"]
[Date "2003.01.11"]
[Round "1"]
[White "Zontakh,A"]
[Black "Miroshnichenko,E"]
[Result "1/2-1/2"]
[WhiteElo "2508"]
[BlackElo "2538"]

1.e4 c5 2.Nf3 d6 3.d4 Nf6 4.Nc3 cxd4 5.Nxd4 a6 6.f3 e6 7.Be3 b5 8.g4 h6 9.Qd2 Bb7
10.O-O-O Nbd7 11.h4 b4 12.Na4 Qa5 13.b3 Nc5 14.a3 Rc8 15.axb4 Nxb3+ 16.Nxb3 Qxa4
17.Kb2 d5 18.c3 dxe4 19.Ra1 Qd7 20.Qxd7+ Kxd7 21.Rd1+ Kc7 22.Bf4+ Kb6 23.Be3+  1/2-1/2

[Event "Keres Memorial Rapid"]
[Site "Tallinn EST"]
[Date "2003.01.12"]
[Round "6"]
[White "Zontakh,A"]
[Black "Ehlvest,J"]
[Result "1/2-1/2"]
[WhiteElo "2508"]
[BlackElo "2600"]

1.e4 c5 2.Nf3 d6 3.d4 cxd4 4.Nxd4 Nf6 5.Nc3 a6 6.f3 e6 7.Be3 b5 8.g4 Bb7
9.Qd2 Nfd7 10.O-O-O Nb6 11.Nb3 Nc6 12.Bf4 b4 13.Ne2 e5 14.Bg5 Nc4 15.Bxd8 Nxd2
16.Bc7 Nxf3 17.Bxd6 O-O-O 18.Bxf8 Rxd1+ 19.Kxd1 Rxf8 20.Ng3 Ncd4 21.Bd3 Ne6
22.Ke2 Nfg5 23.Ke3 Nh3 24.Na5 g6 25.a3 bxa3 26.bxa3 Kc7 27.Rb1 Bc8 28.Ne2 Nc5
29.Nc3 Nf4 30.g5 h6 31.gxh6 Rh8 32.Nc4 f6 33.Nd5+ Nxd5+ 34.exd5 Rxh6 35.Rb6 Rh3+
36.Kd2 Rxh2+ 37.Ke3 Rh3+ 38.Kd2 Rh2+ 39.Ke3 Nxd3 40.cxd3 Bf5 41.Rxf6 Rh3+
42.Kf2 Rxd3 43.Nxe5 Rxd5 44.Nxg6 Ra5 45.Ke1 Bb1 46.Nf4 Rxa3 47.Nd5+ Kb7 48.Rb6+ Ka7
49.Rxb1 Rd3 50.Nb4 Rd6  1/2-1/2

[Event "TSGM Jan"]
[Site "Novi Sad YUG"]
[Date "2003.01.23"]
[Round "8"]
[White "Feletar,D"]
[Black "Dimitrijevic,A"]
[Result "1/2-1/2"]
[WhiteElo "2434"]
[BlackElo "2369"]

1.Nf3 d6 2.e4 c5 3.d4 cxd4 4.Nxd4 Nf6 5.Nc3 a6 6.f3 e6 7.Be3 Be7 8.Qd2 b5
9.O-O-O Nfd7 10.g4 Nc5 11.h4 Qc7 12.g5 Nbd7 13.Kb1 Nb6 14.Ndxb5 axb5 15.Nxb5 Qc6
16.Nxd6+ Bxd6 17.Qxd6 Qxd6 18.Rxd6 Nbd7 19.Bb5  1/2-1/2

[Event "II It"]
[Site "Sao Jose de Rio Preto BRA"]
[Date "2003.01.24"]
[Round "2"]
[White "Coelho,L"]
[Black "Frare,F"]
[Result "1/2-1/2"]
[WhiteElo "2392"]
[BlackElo "2229"]

1.e4 c5 2.Nf3 d6 3.d4 cxd4 4.Nxd4 Nf6 5.Nc3 a6 6.f3 e5 7.Nb3 Be7 8.Be3 Be6
9.Qd2 O-O 10.O-O-O Qc7 11.g4 Nbd7 12.g5 Nh5 13.Nd5 Bxd5 14.exd5 Rfc8 15.Bh3 a5
16.Kb1 a4 17.Nc1 g6 18.a3 Bf8 19.Nd3 Re8 20.Bg4 Ng7 21.Nf2 Nf5 22.Bxf5 gxf5
23.Qd3 f4 24.Bc1 Nc5 25.Qf1 Bg7 26.Ng4 Rac8 27.Rg1 Kh8 28.Bd2 e4 29.Nf6 e3
30.Qh3 Bxf6 31.gxf6 Ne4 32.Bb4 Qxc2+ 33.Ka1 Nd2 34.Qh6  1/2-1/2